[Event "FSGM August"]
[Site "Budapest HUN"]
[Date "2006.08.14"]
[EventDate "2006.08.05"]
[Round "10"]
[Result "1/2-1/2"]
[White "Maxim Rodshtein"]
[Black "Yurij Lapshun"]
[WhiteElo "2494"]
[BlackElo "2452"]
[PlyCount "103"]

1. d4 Nf6 2. c4 e6 3. Nc3 d5 4. Nf3 c5 5. cxd5 exd5 6. g3 Nc6
7. Bg2 Be7 8. O-O O-O 9. Bg5 Be6 10. dxc5 Bxc5 11. Rc1 Be7
12. Nd4 Nxd4 13. Qxd4 h6 14. Be3 Qd7 15. Rfd1 Rfd8 16. Qa4
Qxa4 17. Nxa4 b6 18. Nc3 Rac8 19. Nb5 Bc5 20. Bxc5 Rxc5
21. Nd4 Rdc8 22. Rb1 Kf8 23. e3 Ke7 24. a3 Bg4 25. Re1 Bd7
26. Bf1 Ne4 27. Nb3 Rc2 28. Re2 Rxe2 29. Bxe2 Ba4 30. Nd4 Nd2
31. Re1 g6 32. Kg2 Nb3 33. Bd1 Nc5 34. Bg4 Nd3 35. Rb1 Rc1
36. Rxc1 Nxc1 37. h4 Nb3 38. Bd1 Nc5 39. b3 Bd7 40. Be2 Ne6
41. Nc2 a5 42. f4 h5 43. f5 Ng7 44. fxg6 fxg6 45. Bd3 Bf5
46. Bxf5 Nxf5 47. Kf3 Kf6 48. Kf4 Ng7 49. Nd4 Ne6+ 50. Nxe6
Kxe6 51. Kg5 Kf7 52. a4 1/2-1/2

[Event "FSGM August"]
[Site "Budapest HUN"]
[Date "2006.08.13"]
[EventDate "2006.08.05"]
[Round "9"]
[Result "1/2-1/2"]
[White "Maxim Rodshtein"]
[Black "Markus Ragger"]
[WhiteElo "2494"]
[BlackElo "2456"]
[PlyCount "103"]

1. Nf3 d5 2. c4 c6 3. e3 Nf6 4. Nc3 e6 5. d4 Nbd7 6. Qc2 Bd6
7. g4 Nxg4 8. Rg1 f5 9. h3 Ngf6 10. Rxg7 Ne4 11. Bd2 Qf6
12. Rg2 Nf8 13. O-O-O Bd7 14. Bd3 Ng6 15. Rdg1 Nxc3 16. Bxc3
O-O-O 17. Rg5 Kb8 18. h4 Rdg8 19. Ne5 Be8 20. f4 Qf8 21. Qg2
Be7 22. Nf3 h6 23. Rg3 Bf7 24. Qh2 Bd6 25. c5 Bc7 26. h5 Ne7
27. Ne5 Kc8 28. Be2 Rxg3 29. Rxg3 Ng8 30. Qg2 Be8 31. Ng6 Bxg6
32. Rxg6 Ne7 33. Rg3 Rg8 34. b4 a6 35. a4 Rxg3 36. Qxg3 Qg8
37. Qf2 Qg7 38. Be1 Ng8 39. Qf1 Nf6 40. Bd1 Ne4 41. Kc2 Kd7
42. b5 axb5 43. axb5 Qg8 44. Kb2 Qg7 45. Kb1 Qg8 46. Bf3 Qg7
47. Ka2 Qg8 48. Kb3 Qg7 49. Bd1 Qf8 50. Ka3 Qa8+ 51. Ba4 Nf6
52. Kb3 1/2-1/2

[Event "Cappelle la Grande"]
[Site "Cappelle la Grande FRA"]
[Date "2007.03.07"]
[EventDate "2007.03.03"]
[Round "6"]
[Result "0-1"]
[White "Maxim Rodshtein"]
[Black "Yuri Drozdovskij"]
[WhiteElo "2520"]
[BlackElo "2562"]
[PlyCount "96"]

1. Nf3 d5 2. c4 c6 3. e3 Nf6 4. Nc3 a6 5. d4 e6 6. h3 Nbd7
7. Qc2 Bd6 8. g4 h6 9. Rg1 Qe7 10. Bd2 dxc4 11. Bxc4 b5
12. Be2 c5 13. h4 b4 14. Na4 Bb7 15. dxc5 Nxc5 16. Nxc5 Bxc5
17. Ne5 Bd6 18. Qa4+ Kf8 19. g5 hxg5 20. hxg5 Ne4 21. Nd7+ Kg8
22. O-O-O Rc8+ 23. Kb1 Bc6 24. Nf6+ Kf8 25. Qxa6 Bb7 26. Nxe4
Bxa6 27. Bxa6 Ra8 28. Bc4 Rh4 29. f4 Rh2 30. Be1 Bc7 31. Bg3
Rh3 32. g6 f6 33. Rh1 Rxh1 34. Rxh1 Qd7 35. Nc5 Qc6 36. Nxe6+
Ke7 37. Rc1 Qe4+ 38. Ka1 Qxe3 39. Kb1 Qxg3 40. Nxc7 Rc8
41. Nd5+ Kf8 42. b3 Qxg6+ 43. Kb2 Qe4 44. Nxb4 Qxf4 45. a4 g5
46. Nd5 Qd4+ 47. Ka3 Kg7 48. a5 Rc5 0-1

[Event "Cappelle la Grande"]
[Site "Cappelle la Grande FRA"]
[Date "2007.03.09"]
[EventDate "2007.03.03"]
[Round "8"]
[Result "1/2-1/2"]
[White "Michail Brodsky"]
[Black "Maxim Rodshtein"]
[WhiteElo "2597"]
[BlackElo "2520"]
[PlyCount "66"]

1. d4 d5 2. c4 c6 3. Nc3 Nf6 4. Nf3 e6 5. e3 a6 6. a3 Nbd7
7. c5 g6 8. b4 Bg7 9. Bb2 O-O 10. Be2 Re8 11. Na4 Ne4 12. O-O
Qc7 13. Ne1 e5 14. Nd3 exd4 15. exd4 a5 16. Re1 b5 17. Nc3 Nf8
18. Bf1 Bf5 19. Ne2 axb4 20. axb4 Rxa1 21. Qxa1 Nd2 22. Ng3
Rxe1 23. Nxe1 Bd7 24. Bc3 Nxf1 25. Nxf1 Ne6 26. Nd3 Bc8
27. Nd2 Qb7 28. Nb3 f6 29. Bd2 Bf8 30. Nf4 Ng7 31. Ne2 Ne6
32. Nf4 Ng7 33. Ne2 Ne6 1/2-1/2

[Event "European Individual Championships"]
[Site "Dresden GER"]
[Date "2007.04.03"]
[EventDate "2007.04.03"]
[Round "1"]
[Result "1-0"]
[White "Maxim Rodshtein"]
[Black "Christian Srienz"]
[WhiteElo "2520"]
[BlackElo "2208"]
[PlyCount "79"]

1. d4 Nf6 2. c4 e6 3. Nc3 c5 4. d5 exd5 5. cxd5 d6 6. Nf3 g6
7. e4 Bg7 8. Bb5+ Nfd7 9. Be2 O-O 10. O-O Ne5 11. Nd2 f5
12. exf5 gxf5 13. Nf3 Nxf3+ 14. Bxf3 Nd7 15. Ne2 Ne5 16. Nf4
Qe7 17. Bd2 Nxf3+ 18. Qxf3 Bxb2 19. Rae1 Qg7 20. h3 Be5
21. Ne6 Qg6 22. Bf4 Bxf4 23. Nxf4 Qf7 24. Re3 Bd7 25. Qe2 Rae8
26. Rg3+ Kh8 27. Qb2+ Re5 28. Nd3 Qf6 29. Nxe5 dxe5 30. Qxb7
f4 31. Ra3 Rf7 32. Qb8+ Rf8 33. Qc7 Bb5 34. Rxa7 Bd3 35. Re1
c4 36. Qxe5 Qxe5 37. Rxe5 c3 38. d6 f3 39. d7 c2 40. Rc7 1-0

[Event "European Individual Championships"]
[Site "Dresden GER"]
[Date "2007.04.05"]
[EventDate "2007.04.03"]
[Round "3"]
[Result "1-0"]
[White "Maxim Rodshtein"]
[Black "Victor Manuel Vehi Bach"]
[WhiteElo "2520"]
[BlackElo "2368"]
[PlyCount "67"]

1. d4 Nf6 2. c4 e6 3. Nf3 Bb4+ 4. Nbd2 O-O 5. a3 Be7 6. e4 d5
7. Qc2 dxe4 8. Nxe4 Nc6 9. Be3 Ng4 10. Nc3 f5 11. O-O-O Bf6
12. Kb1 g6 13. Bf4 Nxd4 14. Nxd4 Bxd4 15. Nb5 e5 16. Nxd4 exd4
17. c5 Be6 18. Bc4 Bf7 19. Rhe1 Qd7 20. f3 Nf6 21. Be5 Bxc4
22. Qxc4+ Qd5 23. Qxd4 Qxd4 24. Bxd4 Kf7 25. c6 b6 26. Be5
Rfe8 27. Bxc7 Rac8 28. Rxe8 Kxe8 29. Re1+ Kf7 30. Bd6 Ne8
31. Re7+ Kf6 32. Rd7 Rxc6 33. Bg3 g5 34. Rxh7 1-0

[Event "European Individual Championships"]
[Site "Dresden GER"]
[Date "2007.04.06"]
[EventDate "2007.04.03"]
[Round "4"]
[Result "1/2-1/2"]
[White "Arkadij Naiditsch"]
[Black "Maxim Rodshtein"]
[WhiteElo "2663"]
[BlackElo "2520"]
[PlyCount "73"]

1. e4 e6 2. d4 d5 3. Nc3 Bb4 4. e5 Ne7 5. a3 Bxc3+ 6. bxc3 b6
7. Qg4 Ng6 8. h4 h5 9. Qg3 Ba6 10. Bxa6 Nxa6 11. Nf3 Qd7
12. a4 Qc6 13. Ng5 Ne7 14. a5 Qc4 15. Ba3 c5 16. Qd3 Qxd3
17. cxd3 O-O 18. Kd2 Rfb8 19. axb6 axb6 20. Nf3 Nc6 21. Rhb1
f6 22. Rb2 fxe5 23. dxe5 Nc7 24. d4 cxd4 25. cxd4 Ra4 26. Rc1
Na5 27. Rxc7 Rxa3 28. Rb1 Nc4+ 29. Ke1 Ra2 30. Kf1 Rf8 31. Kg1
Nd2 32. Rxb6 Ra1+ 33. Kh2 Nxf3+ 34. gxf3 Rxf3 35. Rbb7 Rxf2+
36. Kg3 Rf5 37. Rxg7+ 1/2-1/2

[Event "European Individual Championships"]
[Site "Dresden GER"]
[Date "2007.04.07"]
[EventDate "2007.04.03"]
[Round "5"]
[Result "1-0"]
[White "Maxim Rodshtein"]
[Black "Christian Bauer"]
[WhiteElo "2520"]
[BlackElo "2609"]
[PlyCount "65"]

1. d4 e6 2. c4 b6 3. a3 Bb7 4. Nc3 f5 5. d5 Nf6 6. g3 Na6
7. Bg2 Nc5 8. Nh3 Bd6 9. O-O Be5 10. Qc2 O-O 11. Be3 Ng4
12. Bxc5 bxc5 13. dxe6 Bxg2 14. Kxg2 dxe6 15. Ng1 Qd4 16. Rac1
Qxc4 17. Qa4 Qxa4 18. Nxa4 Rab8 19. Rxc5 Bd6 20. Ra5 Ne5
21. Rc1 Rb7 22. b4 Rc8 23. Ra6 Ra8 24. Nf3 Nxf3 25. Kxf3 Rb5
26. Rcc6 g5 27. Nb2 Re8 28. e3 Rd5 29. Nc4 g4+ 30. Ke2 Kf7
31. Nxd6+ cxd6 32. Rc7+ Kg6 33. Raxa7 1-0

[Event "European Individual Championships"]
[Site "Dresden GER"]
[Date "2007.04.08"]
[EventDate "2007.04.03"]
[Round "6"]
[Result "1/2-1/2"]
[White "Igor Alexandre Nataf"]
[Black "Maxim Rodshtein"]
[WhiteElo "2589"]
[BlackElo "2520"]
[PlyCount "73"]

1. e4 e6 2. d4 d5 3. Nc3 Bb4 4. exd5 exd5 5. Bd3 c6 6. Nge2
Nf6 7. O-O O-O 8. Ng3 Re8 9. Bg5 h6 10. Bd2 Nbd7 11. a3 Ba5
12. Re1 Rxe1+ 13. Qxe1 Bc7 14. Nf5 Nf8 15. Ne7+ Kh8 16. Nxc8
Qxc8 17. Qe7 Qd7 18. Qxd7 N6xd7 19. Ne2 Ne6 20. Be3 Nf6 21. f3
Rd8 22. Kf2 h5 23. Bf5 Re8 24. g3 g6 25. Bh3 Kg7 26. a4 Nd7
27. Nc1 f5 28. Nd3 Bb6 29. Re1 Kf7 30. c3 c5 31. dxc5 Nexc5
32. Nxc5 Nxc5 33. Bxc5 Bxc5+ 34. Kf1 Rxe1+ 35. Kxe1 d4
36. cxd4 Bxd4 37. Bf1 1/2-1/2

[Event "European Individual Championships"]
[Site "Dresden GER"]
[Date "2007.04.09"]
[EventDate "2007.04.03"]
[Round "7"]
[Result "1/2-1/2"]
[White "Maxim Rodshtein"]
[Black "Vitali Golod"]
[WhiteElo "2520"]
[BlackElo "2597"]
[PlyCount "110"]

1. d4 d5 2. c4 c6 3. Nc3 Nf6 4. e3 e6 5. Nf3 a6 6. b3 Nbd7
7. Bb2 Bd6 8. Be2 O-O 9. O-O b5 10. Qc2 Bb7 11. e4 Nxe4
12. Nxe4 dxe4 13. Qxe4 bxc4 14. bxc4 Nf6 15. Qe3 Qe7 16. Rab1
Ng4 17. Qb3 c5 18. dxc5 Bxc5 19. h3 Bxf3 20. Qxf3 Nf6 21. Be5
Nd7 22. Bc3 Ra7 23. Rfd1 Nf6 24. Qg3 Kh8 25. Bf3 Rc8 26. Qe5
h6 27. g3 Qc7 28. Kg2 Qxe5 29. Bxe5 Nd7 30. Bf4 Nb6 31. Be2
Na4 32. Rb3 Be7 33. Rdb1 Nc5 34. Rb8 Ra8 35. Rxa8 Rxa8 36. Bb8
Nd7 37. Rb7 Rxb8 38. Rxd7 Bc5 39. Rxf7 Rf8 40. Rxf8+ Bxf8
41. Bg4 e5 42. Kf3 Bc5 43. Be6 g6 44. h4 Kg7 45. Bd5 Kf6
46. Ke2 a5 47. a4 Bd4 48. Bc6 Ke7 49. Be4 Kf6 50. f3 Bc5
51. Bc6 Ke7 52. g4 Kf6 53. Be8 g5 54. h5 e4 55. fxe4 Ke5
1/2-1/2

[Event "European Individual Championships"]
[Site "Dresden GER"]
[Date "2007.04.12"]
[EventDate "2007.04.03"]
[Round "9"]
[Result "1-0"]
[White "Maxim Rodshtein"]
[Black "Giorgi Kacheishvili"]
[WhiteElo "2530"]
[BlackElo "2587"]
[PlyCount "93"]

1. d4 d5 2. c4 c6 3. Nf3 Nf6 4. Nc3 dxc4 5. a4 Bf5 6. e3 e6
7. Bxc4 Bb4 8. O-O Nbd7 9. Qe2 O-O 10. e4 Bg6 11. Bd3 Re8
12. e5 Bxd3 13. Qxd3 Nd5 14. Nxd5 cxd5 15. Qb5 Qe7 16. Bg5 f6
17. exf6 gxf6 18. Bd2 Bxd2 19. Nxd2 Nf8 20. f4 f5 21. Nf3 Ng6
22. g3 Rac8 23. Rac1 h6 24. Rfe1 Kf7 25. Rc5 Red8 26. Rec1
Rxc5 27. dxc5 d4 28. Rd1 Rd5 29. b4 e5 30. fxe5 Nxe5 31. Nxe5+
Qxe5 32. Qxb7+ Ke8 33. Kf1 Rd7 34. Qc8+ Rd8 35. Qc6+ Kf7
36. Re1 Qd5 37. Qxd5+ Rxd5 38. Ke2 a5 39. Kd3 axb4 40. Kc4 Rd8
41. Rd1 Rb8 42. Kb3 Rd8 43. Kxb4 d3 44. Kc3 Ra8 45. Ra1 Ke6
46. Kxd3 Kd5 47. Ke3 1-0

[Event "European Individual Championships"]
[Site "Dresden GER"]
[Date "2007.04.11"]
[EventDate "2007.04.03"]
[Round "8"]
[Result "0-1"]
[White "Valerij Popov"]
[Black "Maxim Rodshtein"]
[WhiteElo "2589"]
[BlackElo "2530"]
[PlyCount "98"]

1. c4 c6 2. e4 d5 3. exd5 cxd5 4. cxd5 Nf6 5. Qa4+ Nbd7 6. Nc3
g6 7. Bc4 Bg7 8. d3 O-O 9. Nf3 a6 10. Qa3 b6 11. O-O Bb7
12. Re1 Re8 13. Bf4 Rc8 14. Nd4 b5 15. Bb3 Nc5 16. Nc6 Bxc6
17. dxc6 Rxc6 18. Rad1 e6 19. Bc2 Bf8 20. b4 Ncd7 21. Qb3 Qc8
22. Bd2 Nb6 23. Rc1 Rd8 24. Bb1 Qd7 25. Bg5 Be7 26. a3 Rdc8
27. h3 Nfd5 28. Nxd5 Qxd5 29. Qxd5 Nxd5 30. Bd2 Bf6 31. Rxc6
Rxc6 32. Ba2 Ne7 33. Bb3 Bc3 34. Bxc3 Rxc3 35. Rb1 Rxd3 36. a4
Rd4 37. axb5 axb5 38. Bd1 Nd5 39. Bf3 Kf8 40. Kf1 Ke7 41. Rb3
Kd6 42. g3 g5 43. Be2 Kc6 44. Bh5 f6 45. Be8+ Kb6 46. Bf7 Rxb4
47. Rxb4 Nxb4 48. Bxe6 Nc2 49. Ke2 Nd4+ 0-1

[Event "European Individual Championships"]
[Site "Dresden GER"]
[Date "2007.04.13"]
[EventDate "2007.04.03"]
[Round "10"]
[Result "1/2-1/2"]
[White "Sergey Volkov"]
[Black "Maxim Rodshtein"]
[WhiteElo "2640"]
[BlackElo "2530"]
[PlyCount "41"]

1. d4 d5 2. c4 c6 3. Nc3 Nf6 4. e3 e6 5. Nf3 a6 6. b3 Bb4
7. Bd2 O-O 8. Bd3 Nbd7 9. O-O Bd6 10. Qc2 h6 11. Ne2 Qe7
12. Ng3 b6 13. Rad1 Bb7 14. Rfe1 Rfd8 15. Qb1 Bb4 16. Re2 Bxd2
17. Rexd2 c5 18. Be2 Rac8 19. dxc5 Nxc5 20. cxd5 Nxd5 21. Qb2
1/2-1/2

[Event "World Junior Championship"]
[Site "Yerevan ARM"]
[Date "2007.10.03"]
[EventDate "2007.10.03"]
[Round "1"]
[Result "0-1"]
[White "Karthik R Arun"]
[Black "Maxim Rodshtein"]
[WhiteElo "2391"]
[BlackElo "2586"]
[PlyCount "126"]

1. e4 e6 2. d3 d5 3. Nd2 Nf6 4. Ngf3 b6 5. g3 dxe4 6. dxe4 Bc5
7. Bd3 e5 8. Nb3 Bd6 9. O-O Bg4 10. Be2 O-O 11. Nh4 Be6
12. Bf3 a5 13. Qe2 Nbd7 14. Nf5 Re8 15. Rd1 Bf8 16. a4 Qc8
17. g4 g6 18. Ne3 h6 19. c4 Qa6 20. Qc2 c6 21. Be2 Nc5 22. Nd5
cxd5 23. cxd5 Qc8 24. dxe6 Qxe6 25. Nxc5 Bxc5 26. h3 Rac8
27. Bb5 Re7 28. Qe2 Kg7 29. Kg2 Bd4 30. Rb1 Rec7 31. Bd3 Qb3
32. Bd2 Qxa4 33. f4 exf4 34. Bxf4 Re7 35. b3 Qe8 36. Kf3 Rc3
37. Re1 Rxe4 38. Qd2 Rxe1 39. Rxe1 Rxd3+ 40. Qxd3 Qxe1
41. Qxd4 Qh1+ 42. Kg3 Qe1+ 43. Kh2 Qe2+ 44. Kg1 Qe1+ 45. Kh2
g5 46. Be5 Qf1 47. Qc3 Qf2+ 48. Kh1 b5 49. Bd4 Qf1+ 50. Kh2
Qf4+ 51. Kg2 Kg6 52. Bxf6 Qxf6 53. Qd3+ Kg7 54. Qxb5 Qb2+
55. Kg3 Qc3+ 56. Kg2 Kf6 57. Qf5+ Ke7 58. Qd5 f6 59. Qb7+ Kd6
60. Qb8+ Kd5 61. Qf8 Ke4 62. Qf7 Kf4 63. Qd5 Qg3+ 0-1

[Event "World Junior Championship"]
[Site "Yerevan ARM"]
[Date "2007.10.04"]
[EventDate "2007.10.03"]
[Round "2"]
[Result "1-0"]
[White "Maxim Rodshtein"]
[Black "Hrant Melkumyan"]
[WhiteElo "2586"]
[BlackElo "2469"]
[PlyCount "70"]

1. d4 Nf6 2. c4 e6 3. Nf3 b6 4. g3 Ba6 5. b3 Bb4+ 6. Bd2 Be7
7. Bg2 c6 8. Bc3 d5 9. Ne5 Nfd7 10. Nxd7 Nxd7 11. Nd2 O-O
12. O-O Rc8 13. e4 b5 14. Re1 dxe4 15. Nxe4 bxc4 16. Bf1 Rb8
17. Qe2 Nf6 18. Nc5 Bxc5 19. dxc5 Nd5 20. Be5 Rb7 21. bxc4 Ne7
22. Rab1 Rxb1 23. Rxb1 Nf5 24. Qf3 f6 25. Qxc6 Qc8 26. Qxc8
Rxc8 27. Bb8 Rxc5 28. Bxa7 Ra5 29. Rb2 Ra4 30. Rc2 Nd6 31. c5
Nb5 32. Rd2 Kf8 33. c6 Ke8 34. Bb6 Ra3 35. c7 Rc3 1-0

[Event "World Junior Championship"]
[Site "Yerevan ARM"]
[Date "2007.10.05"]
[EventDate "2007.10.03"]
[Round "3"]
[Result "0-1"]
[White "Evgeny Romanov"]
[Black "Maxim Rodshtein"]
[WhiteElo "2515"]
[BlackElo "2586"]
[PlyCount "82"]

1. d4 Nf6 2. c4 g6 3. Nc3 d5 4. cxd5 Nxd5 5. e4 Nxc3 6. bxc3
Bg7 7. Bc4 c5 8. Ne2 Nc6 9. Be3 O-O 10. O-O Bg4 11. f3 Bd7
12. Rc1 Rc8 13. d5 Na5 14. Bd3 b5 15. f4 e6 16. f5 exf5
17. exf5 Nb7 18. Ng3 Nd6 19. Qd2 Re8 20. Bh6 Be5 21. Rce1 Qh4
22. Rxe5 Rxe5 23. Bg5 Qg4 24. h3 Qxg3 25. Bf4 Qh4 26. Bxe5
Nxf5 27. g4 Re8 28. Bf4 Ne3 29. Rf3 Nxd5 30. Bg3 Qe7 31. c4
Nb6 32. cxb5 c4 33. Bf1 Bxb5 34. Qf4 Nd5 35. Qh6 Qe4 36. Bg2
Ne3 37. Bh4 Re6 38. Bf6 Rxf6 39. Rxe3 Qd4 40. Kh1 Rf2 41. Re1
c3 0-1

[Event "World Junior Championship"]
[Site "Yerevan ARM"]
[Date "2007.10.06"]
[EventDate "2007.10.03"]
[Round "4"]
[Result "1/2-1/2"]
[White "Maxim Rodshtein"]
[Black "Wesley So"]
[WhiteElo "2586"]
[BlackElo "2531"]
[PlyCount "80"]

1. d4 Nf6 2. c4 e6 3. Nf3 b6 4. g3 Ba6 5. b3 Bb4+ 6. Bd2 Be7
7. Bg2 O-O 8. O-O c6 9. Bc3 d5 10. Ne5 Nfd7 11. Nxd7 Nxd7
12. Nd2 Rc8 13. e4 c5 14. exd5 exd5 15. dxc5 dxc4 16. c6 cxb3
17. Re1 Bb5 18. axb3 Bxc6 19. Bxc6 Rxc6 20. Rxa7 Bf6 21. Nc4
Nc5 22. Qxd8 Rxd8 23. Bxf6 gxf6 24. Ne3 Nxb3 25. Nf5 Rc1
26. Rxc1 Nxc1 27. Rb7 b5 28. Kg2 h5 29. Rxb5 Nd3 30. Rb6 Nc5
31. Rxf6 Ne4 32. Nh6+ Kg7 33. Nxf7 Rd5 34. Rf4 Nc5 35. Rf3 Ne6
36. h4 Nd4 37. Rf4 Ne6 38. Rf3 Nd4 39. Rf4 Ne6 40. Rf3 Nd4
1/2-1/2

[Event "World Junior Championship"]
[Site "Yerevan ARM"]
[Date "2007.10.07"]
[EventDate "2007.10.03"]
[Round "5"]
[Result "1/2-1/2"]
[White "Georg Meier"]
[Black "Maxim Rodshtein"]
[WhiteElo "2558"]
[BlackElo "2586"]
[PlyCount "54"]

1. e4 c6 2. d4 d5 3. exd5 cxd5 4. c4 Nf6 5. Nc3 e6 6. Nf3 Bb4
7. cxd5 Nxd5 8. Qc2 Nc6 9. Be2 Nce7 10. O-O Bd7 11. Nxd5 Nxd5
12. Ne5 Bd6 13. Rd1 Qc7 14. Qxc7 Bxc7 15. Bf3 f6 16. Nxd7 Kxd7
17. Be3 Rac8 18. Rac1 Bd6 19. h3 h5 20. Kf1 Rcg8 21. Ke2 g5
22. Bxd5 exd5 23. Rh1 f5 24. Rcf1 Ke6 25. f3 g4 26. fxg4 fxg4
27. Rf2 Bg3 1/2-1/2

[Event "World Junior Championship"]
[Site "Yerevan ARM"]
[Date "2007.10.08"]
[EventDate "2007.10.03"]
[Round "6"]
[Result "1/2-1/2"]
[White "Maxim Rodshtein"]
[Black "Daniel Stellwagen"]
[WhiteElo "2586"]
[BlackElo "2639"]
[PlyCount "73"]

1. d4 d5 2. c4 c6 3. Nf3 Nf6 4. e3 Bg4 5. h3 Bxf3 6. Qxf3 e6
7. Nc3 Nbd7 8. Bd3 Bd6 9. O-O O-O 10. Bd2 Re8 11. Qd1 dxc4
12. Bxc4 Nb6 13. Be2 e5 14. dxe5 Bxe5 15. Qc2 Qe7 16. Rad1
Rad8 17. Bc1 g6 18. Rxd8 Rxd8 19. Rd1 Rxd1+ 20. Qxd1 Qb4
21. a3 Qc5 22. Nb1 Nbd5 23. b4 Qe7 24. Qc2 Bc7 25. Bf3 a5
26. bxa5 Bxa5 27. Bb2 Bc7 28. Nd2 Be5 29. Bc1 Nb6 30. Nb3 Nfd7
31. g3 Na4 32. Kg2 Nac5 33. Bd2 Bd6 34. Nxc5 Bxc5 35. a4 Bb4
36. Bc1 Ba3 37. Bd2 1/2-1/2

[Event "World Junior Championship"]
[Site "Yerevan ARM"]
[Date "2007.10.09"]
[EventDate "2007.10.03"]
[Round "7"]
[Result "1/2-1/2"]
[White "Geetha Narayanan Gopal"]
[Black "Maxim Rodshtein"]
[WhiteElo "2520"]
[BlackElo "2586"]
[PlyCount "90"]

1. e4 c6 2. d4 d5 3. Nc3 dxe4 4. Nxe4 Nd7 5. Ng5 Ngf6 6. Bd3
e6 7. N1f3 Bd6 8. Qe2 h6 9. Ne4 Nxe4 10. Qxe4 Qc7 11. Qg4 Kf8
12. O-O b6 13. b3 Bb7 14. Bb2 Nf6 15. Qh4 Nd5 16. Rfe1 Nf4
17. Ne5 g5 18. Qg4 Rg8 19. Rad1 Rd8 20. Qf3 c5 21. Be4 Bxe4
22. Qxe4 f5 23. Qf3 Bxe5 24. dxe5 Kf7 25. Bc1 Rxd1 26. Rxd1
Qxe5 27. Bxf4 Qxf4 28. Rd7+ Kf6 29. Qc3+ Kg6 30. g3 Qe4 31. f3
Qe2 32. Rxa7 h5 33. Rd7 h4 34. Qd3 Qe1+ 35. Qf1 Qe3+ 36. Kg2
Rh8 37. Rd3 Qe5 38. Rd1 g4 39. Qd3 gxf3+ 40. Qxf3 Kf6 41. a4
c4 42. bxc4 h3+ 43. Kf1 Qc5 44. Qc3+ Qe5 45. Qf3 Kg6 1/2-1/2

[Event "World Junior Championship"]
[Site "Yerevan ARM"]
[Date "2007.10.12"]
[EventDate "2007.10.03"]
[Round "9"]
[Result "1-0"]
[White "Arman Pashikian"]
[Black "Maxim Rodshtein"]
[WhiteElo "2534"]
[BlackElo "2586"]
[PlyCount "75"]

1. d4 d5 2. Nf3 Nf6 3. c4 c6 4. Nc3 e6 5. Bg5 h6 6. Bh4 dxc4
7. e4 g5 8. Bg3 b5 9. Ne5 Bb7 10. h4 Rg8 11. hxg5 hxg5
12. Nxf7 Kxf7 13. e5 Bb4 14. exf6 Rh8 15. Rh5 Nd7 16. Rxg5
Qxf6 17. Rg4 Ke7 18. Qd2 Rag8 19. Rf4 Qg5 20. Nd5+ Qxd5
21. Qxb4+ c5 22. Qxb5 Bc6 23. Qa6 cxd4 24. O-O-O e5 25. Bxc4
Qc5 26. Rf7+ Kd8 27. b4 Qd6 28. b5 Rxg3 29. fxg3 Qh6+ 30. Kb2
Bxg2 31. Qxa7 Bh3 32. Rxd7+ Bxd7 33. Qb8+ Bc8 34. Qxe5 Re8
35. Rxd4+ Bd7 36. Qb8+ Ke7 37. Re4+ Kf8 38. Rxe8+ 1-0

[Event "World Junior Championship"]
[Site "Yerevan ARM"]
[Date "2007.10.14"]
[EventDate "2007.10.03"]
[Round "11"]
[Result "0-1"]
[White "David Howell"]
[Black "Maxim Rodshtein"]
[WhiteElo "2527"]
[BlackElo "2586"]
[PlyCount "110"]

1. e4 c5 2. c3 d5 3. exd5 Qxd5 4. d4 g6 5. Nf3 Bg7 6. Na3 cxd4
7. Bc4 Qe4+ 8. Be3 Nh6 9. cxd4 O-O 10. Nb5 Nc6 11. Qd2 Nf5
12. O-O Nxe3 13. fxe3 Qg4 14. Nc3 b6 15. h3 Qd7 16. Ng5 Nd8
17. Qf2 e6 18. Qh4 h6 19. Nf3 Nc6 20. Rad1 Qe7 21. Qg3 Bb7
22. a3 Rac8 23. Ba2 Qc7 24. Qh4 Ne7 25. e4 Qd8 26. Qf2 Ba6
27. Rfe1 Bc4 28. Bb1 b5 29. e5 b4 30. axb4 Rb8 31. Nd2 Ba6
32. b5 Bxb5 33. Nde4 Bc6 34. Nd6 Nc8 35. Nde4 Rb4 36. Nf6+
Bxf6 37. exf6 Nb6 38. h4 Nc4 39. Re2 Qa5 40. Qf4 Qh5 41. g4
Qxh4 42. Rh2 e5 43. Rxh4 exf4 44. d5 Bd7 45. Rd4 Rfb8 46. Rxh6
Ne5 47. Rxb4 Rxb4 48. g5 Rxb2 49. Be4 Rb3 50. Nd1 Rg3+ 51. Kf1
Rxg5 52. Nf2 Bb5+ 53. Ke1 Nd7 54. Rh4 Nxf6 55. Rxf4 Nxd5 0-1

[Event "World Junior Championship"]
[Site "Yerevan ARM"]
[Date "2007.10.15"]
[EventDate "2007.10.03"]
[Round "12"]
[Result "1/2-1/2"]
[White "Maxim Rodshtein"]
[Black "Abhijeet Gupta"]
[WhiteElo "2586"]
[BlackElo "2470"]
[PlyCount "160"]

1. Nf3 Nf6 2. c4 c5 3. Nc3 d5 4. cxd5 Nxd5 5. d4 Nxc3 6. bxc3
g6 7. e3 Bg7 8. Bd3 O-O 9. O-O Nd7 10. Ba3 b6 11. Qe2 Bb7
12. Rad1 Qc7 13. e4 e5 14. d5 a6 15. Bb2 b5 16. a4 c4 17. Bc2
Rfe8 18. Ba3 Rab8 19. Rb1 Bc8 20. Qe3 Qb6 21. Qxb6 Rxb6
22. Nd2 Bh6 23. Rfd1 Bb7 24. Kf1 Rb8 25. Ke2 Bf8 26. Bxf8 Kxf8
27. Rb4 Ke7 28. Rdb1 Bc8 29. Ke3 Kd6 30. g3 R6b7 31. f4 f6
32. Rf1 Ke7 33. Nf3 Rb6 34. Bd1 Kd6 35. Nd2 Ke7 36. Be2 R6b7
37. h4 Rb6 38. h5 Kf7 39. hxg6+ hxg6 40. Bg4 exf4+ 41. gxf4 f5
42. exf5 gxf5 43. Bxf5 Nf6 44. Be4 Bf5 45. Bf3 Bd3 46. Rg1
Re8+ 47. Kd4 Rb7 48. axb5 axb5 49. Ra1 Be2 50. Ne4 Bxf3
51. Nd6+ Kf8 52. Nxb7 Re4+ 53. Kc5 Rxf4 54. Rxb5 Nxd5 55. Ra3
Nxc3 56. Rxc3 Rf5+ 57. Kd6 Rxb5 58. Rxf3+ Kg7 59. Nc5 Kg6
60. Kd5 Rb1 61. Ne4 Rb5+ 62. Kxc4 Ra5 63. Rg3+ Kf7 64. Nc5 Kf6
65. Kd5 Kf5 66. Kd4 Ra1 67. Rf3+ Kg4 68. Rf8 Rd1+ 69. Ke5 Ra1
70. Rf4+ Kh3 71. Rc4 Ra8 72. Nd3 Kg3 73. Ke4 Rf8 74. Rc7 Rg8
75. Rc3 Re8+ 76. Ne5+ Kf2 77. Rc2+ Kg3 78. Ra2 Re6 79. Ra8 Kf2
80. Rf8+ Ke2 1/2-1/2

[Event "World Junior Championship"]
[Site "Yerevan ARM"]
[Date "2007.10.16"]
[EventDate "2007.10.03"]
[Round "13"]
[Result "0-1"]
[White "Avetik Grigoryan"]
[Black "Maxim Rodshtein"]
[WhiteElo "2489"]
[BlackElo "2586"]
[PlyCount "100"]

1. d4 Nf6 2. c4 g6 3. Nc3 d5 4. cxd5 Nxd5 5. e4 Nxc3 6. bxc3
Bg7 7. Be3 c5 8. Rc1 O-O 9. Nf3 Qa5 10. Qd2 Rd8 11. d5 e6
12. c4 Qxd2+ 13. Kxd2 Na6 14. a3 b6 15. Kc2 Bb7 16. g4 Nc7
17. Bf4 Rac8 18. Be2 exd5 19. exd5 Ne6 20. Bg3 Nd4+ 21. Nxd4
cxd4 22. Kd2 Bh6+ 23. f4 Re8 24. a4 Ba6 25. Rc2 Re3 26. Bd3
Bf8 27. Rb1 Rce8 28. Bf2 Rf3 29. Bxd4 Rxf4 30. Bg1 Rxg4 31. a5
bxa5 32. c5 Rg2+ 33. Kc3 Bg7+ 34. Bd4 Bxd3 35. Rxg2 Bxb1
36. Bxg7 Kxg7 37. c6 Kf8 38. Kd4 Bf5 39. Kc5 Re1 40. Kd6 a4
41. Kc7 Be4 42. Rd2 Rc1 43. Rd4 Bh1 44. Kd7 a3 45. c7 a2
46. Ra4 Bxd5 47. c8=Q+ Rxc8 48. Kxc8 f5 49. Kd7 Bb3 50. Rxa7
f4 0-1

[Event "European Team Chess Championships"]
[Site "Crete GRE"]
[Date "2007.10.28"]
[EventDate "2007.10.28"]
[Round "1"]
[Result "1-0"]
[White "Maxim Rodshtein"]
[Black "Claude Landenbergue"]
[WhiteElo "2615"]
[BlackElo "2452"]
[PlyCount "37"]

1. d4 Nf6 2. c4 e6 3. Nf3 b6 4. g3 Ba6 5. Qc2 Bb7 6. Bg2 c5
7. d5 exd5 8. cxd5 Bxd5 9. Nc3 Bc6 10. e4 d6 11. Bf4 Nbd7
12. O-O-O Be7 13. Rxd6 Bxd6 14. Bxd6 Nf8 15. Rd1 Ne6 16. Ne5
Qc8 17. Nd5 Bb5 18. Qb3 Qa6 19. Nc7+ 1-0

[Event "European Team Chess Championships"]
[Site "Crete GRE"]
[Date "2007.10.29"]
[EventDate "2007.10.28"]
[Round "2"]
[Result "1/2-1/2"]
[White "Dragan Kosic"]
[Black "Maxim Rodshtein"]
[WhiteElo "2482"]
[BlackElo "2615"]
[PlyCount "81"]

1. d4 d5 2. c4 e6 3. Nf3 Nf6 4. Nc3 c6 5. e3 Nbd7 6. Qc2 Bd6
7. b3 O-O 8. Be2 dxc4 9. bxc4 e5 10. O-O Re8 11. Rd1 exd4
12. exd4 Nf8 13. Rb1 Ng6 14. g3 Qc7 15. Bg5 Be7 16. d5 Rd8
17. Qb3 h6 18. Be3 Ng4 19. Bd4 b6 20. a4 Bf5 21. Rbc1 Re8
22. Bf1 c5 23. Nb5 Qd7 24. Bb2 Bf6 25. Bxf6 Nxf6 26. Bg2 Rad8
27. Re1 Be4 28. Nc3 Bxf3 29. Bxf3 Ne5 30. Bg2 Nd3 31. Rxe8+
Qxe8 32. Rf1 Nb4 33. Qd1 Qe5 34. Nb5 a6 35. Re1 Qf5 36. Nc3
Qd7 37. Re3 Kf8 38. Qe2 Re8 39. h3 Re7 40. f4 Ne8 41. Re5
1/2-1/2